000
00263nam a22001097a 4500
082
_a
920/PAN
100
_a
Panikkar,K.M.
_9
83668
245
_a
Gulab Singh 1792-1858 Founder of Kashmir
260
_a
Delhi
_b
LG Pub.
_c
1930
650
_a
Bioraphy
_9
9297
942
_c
BK
999
_c
68612
_d
68612